| 000 | 00533nam a22001817a 4500 | ||
|---|---|---|---|
| 003 | CEME | ||
| 005 | 20210628205608.0 | ||
| 008 | 210308b xxu||||| |||| 00| 0 eng d | ||
| 020 | _a0-07-010510-3 | ||
| 040 | _c. | ||
| 082 | _a670.42 CHA'F | ||
| 100 |
_aChampion, Edward R _976177 |
||
| 245 | _aFinite element analysis in manufacturing engineering a pc-based approach | ||
| 260 |
_aNEWYORK _bMCGRAW HILL _c1992 |
||
| 300 | _a310P | ||
| 650 |
_aFINITE ELEMENT METHODS PRODUCTION ENGINEERING-MATHEMATICS _976178 |
||
| 942 |
_cBK _2ddc |
||
| 999 |
_c581584 _d581584 |
||